000 01894nam a2200313 a 4500
999 _c472541
_d472541
003 BLK
005 20250128005520.0
008 180820b bul|||||r|||| 00| | bul d
020 _a9789547760608
040 _aBLK
041 _aBUL
_cBUL
080 _aРепублика България (от 1990)
_b94(497.2)"1990..."
_z94(497.2)"1990..."
100 _9254265
_aМигев, Владимир Тихомиров
_eпърви автор
139 _aМигев, Владимир Тихомиров
245 _aВремето на българското преустройство, юли 1987 - ноември 1989
_bМонография
_cВладимир Мигев.
257 _aBGR
260 _aСофия
_bЗлатен змей
_9211339
_c2022
_fСофия : Алианс принт
_n978-954-776-
300 _a192 с.
_bс ил.
_c21 см
380 _a9
500 _aИсторикът, който работи неуморно и резултатно в преломното време / Христо Ковачев: с. 177-178. - In honorem. Проф. дин Владимир Тихомиров Мигев на 80 години / Илияна Марчева, Надя Филипова: с. 179-182 Владимир Мигев като изследовател на авторитарния режим в България / Николай Поппетров: с. 183-191. - Биогр. данни за авт. отбелязани на гърба на кор. - Библиогр. под линия
650 0 _aВътрешна политика - България
_9249071
651 7 _9178684
_aБългария
653 7 _9194482
_aпреустройство
653 7 _9182625
_aбългарска вътрешна политика
653 7 _9179875
_a1989 г.
852 _aЦб 313952
_bЦб
942 _cKNG
_n0
_s1
944 _aCR
_c2022-09-07
_k
_lCRON CRON